• 首页
  • 本馆介绍
  • 公告通知
  • 最新文献
  • 馆藏检索
  • 电子资源
  • 读者导购
  • 参考咨询
  • 我的图书馆
  • 登录
  • 详细信息显示
  • 放入我的书架
  • 预约/预借图书
  • 作者相关作品
  • 分类相关作品
  • 丛书相关作品
  • 出版社相关作品

书目信息

  • 表格格式
  • 工作单格式
  • 卡片格式
题名:
精细有机化学品生产工艺手册
    
 
作者: 何汉文 , 陈熙东 编
分册:  
出版信息: 北京   化学工业出版社  2003
页数: 741页
开本: 22cm
丛书名:
单 册:
中图分类: TQ207-62
科图分类:
主题词: 精细化工:有机化工--化工产品--生产工艺--技术手册
电子资源:
ISBN: 7-5025-4297-3
000 00666nam0 2200205 45
001 0405290812
005 20040529083142.1
010    @a7-5025-4297-3@dCNY50.00
100    @a20040529d2003 km y0chiy0120 ea
101 0  @achi
105    @a z 000yy
200 1  @a精细有机化学品生产工艺手册@AJing Xi You Ji Hua Xue Pin Sheng Chan Gong Yi Shou Ce@f何汉文,陈熙东编@FHe Han Wen,Chen Xi Dong Bian
210    @a北京@c化学工业出版社@d2003
215    @a741页@d22cm
606 0  @a精细化工:有机化工@x化工产品@x生产工艺@x技术手册
690    @aTQ207-62@v4
701  0 @a何汉文@4编
701  0 @a陈熙东@4编
801    @aCN@bTSTCL@c20040529
905    @b334578-580@dTQ207-62@e10@f3
    
    精细有机化学品生产工艺手册/何汉文,陈熙东编.-北京:化学工业出版社,2003
    741页;22cm
    
    
    ISBN 7-5025-4297-3:CNY50.00
    
●
相关链接 在E读中查询图书 在五车中查询图书 在当当中查询图书 在豆瓣中查询图书


正题名:精细有机化学品生产工艺手册     索取号:TQ207-62/10         预约/预借

序号 登录号 条形码 馆藏地/架位号 状态 备注
1 0334578   203345781   第三借阅区/ [索取号:TQ207-62/10] 在馆    
2 0334579   203345790   第三借阅区/ [索取号:TQ207-62/10] 在馆    
3 0334580   203345807   第二样本阅览室/ [索取号:TQ207-62/10] 在馆    
唐山师范学院图书馆 欢迎您!
大连网信软件有限公司© 版权所有